Statistics for NBA 2018-19 October Players 10 Assists Games

Click here to take the quiz!

General Stats

  • This quiz has been taken 31 times
  • The average score is 19 of 23

Answer Stats

Player Team # % Correct
LeBron JamesLakers3
100%
James HardenRockets2
100%
Giannis AntetokounmpoBucks1
100%
Kyle LowryRaptors6
97%
Chris PaulRockets1
97%
Ben Simmons76ers3
97%
De'Aaron FoxKings1
94%
Mike ConleyGrizzlies1
94%
Eric BledsoeBucks1
94%
Trae YoungHawks1
94%
Ricky RubioJazz2
94%
Nikola JokicNuggets2
90%
Rajon RondoLakers2
87%
Draymond GreenWarriors3
87%
Jrue HolidayPelicans1
87%
Jeff TeagueTimberwolves1
87%
DeMar DeRozanSpurs1
74%
Nikola VucevicMagic1
68%
Evan FournierMagic1
61%
Elfrid PaytonPelicans1
58%
J.J. BareaMavericks3
52%
D.J. AugustinMagic1
52%
Tony ParkerHornets1
32%

Score Distribution

Percentile by Number Answered

Percent of People with Each Score

Your Score History

You have not taken this quiz